[Event "Kalamazoo (WMUSO/3/12)"]
[Site "?"]
[Date "1986.??.??"]
[Round "?"]
[White "Griffin, John"]
[Black "Smith, Les L"]
[Result "1/2-1/2"]
[WhiteElo "1605"]
[BlackElo "1870"]
[PlyCount "103"]
[EventDate "1986.??.??"]

{3/(12)} 1. d4 f5 2. Nf3 Nf6 3. c4 g6 4. g3 Bg7 5. Nc3 O-O 6. Bg2 d6 7. e3 c6
8. Qc2 Na6 9. b3 Nb4 10. Qe2 e5 11. dxe5 Ng4 12. Bb2 dxe5 13. Rd1 Qa5 14. a3 e4
15. Nd4 Nd3+ 16. Rxd3 exd3 17. Qxd3 Rd8 18. b4 Qc7 19. c5 Be6 20. Nce2 Bd5 21.
Bxd5+ Rxd5 22. Nf4 Ne5 23. Qb3 Qf7 24. Nxd5 cxd5 25. Ke2 Re8 26. Nb5 Nc4 27.
Bxg7 Kxg7 28. Qc3+ Qf6 29. Qxf6+ Kxf6 30. Rd1 a6 31. Nd6 Nxd6 32. cxd6 Ke6 33.
d7 Rd8 34. Kd3 Rxd7 35. Rc1 g5 36. Kd4 f4 37. exf4 gxf4 38. g4 h5 39. h3 hxg4
40. hxg4 Rh7 41. Re1+ Kd6 42. Re5 Rh2 43. Rxd5+ Ke6 44. Re5+ Kd6 45. f3 Rd2+
46. Kc3 Rf2 47. Re4 Rxf3+ 48. Kc4 b5+ 49. Kd4 Rxa3 50. Rxf4 Rb3 51. Rf6+ Ke7
52. Rxa6 1/2-1/2

[Event "Warren (MCO/1/10)"]
[Site "?"]
[Date "1986.??.??"]
[Round "?"]
[White "Griffin, John"]
[Black "Hahn, David"]
[Result "0-1"]
[WhiteElo "1635"]
[BlackElo "2140"]
[PlyCount "72"]
[EventDate "1986.??.??"]

{1/(10)} 1. d4 g6 2. c4 Bg7 3. Nf3 Nf6 4. Nc3 O-O 5. g3 d5 6. Bg2 dxc4 7. Ne5
Nfd7 8. Nxc4 Nb6 9. Nxb6 axb6 10. e3 Nc6 11. O-O e5 12. d5 Nb4 13. a3 Kh8 14.
e4 f5 15. f4 fxe4 16. Bxe4 Bh3 17. Rf2 Na6 18. Be3 Nc5 19. Bg2 Bf5 20. fxe5
Bxe5 21. Bd4 Qf6 22. Bxe5 Qxe5 23. Qe2 Qg7 24. Raf1 Rfe8 25. Qd2 Rad8 26. Qf4
Nd3 27. Qc4 Nxf2 28. Rxf2 Re1+ 29. Rf1 Rde8 30. Rxe1 Rxe1+ 31. Kf2 Re8 32. Qa4
Qe5 33. Qf4 Qe1+ 34. Kf3 Rf8 35. Qe3 Bg4+ 36. Ke4 Re8+ 0-1

[Event "Warren (MCO/4/40)"]
[Site "?"]
[Date "1986.??.??"]
[Round "?"]
[White "Griffin, John"]
[Black "Fletcher, G.."]
[Result "1-0"]
[WhiteElo "1635"]
[BlackElo "1605"]
[PlyCount "53"]
[EventDate "1986.??.??"]

{4/(40)} 1. d4 d5 2. c4 c6 3. Nf3 Nf6 4. g3 Bf5 5. Bg2 e6 6. Nbd2 Bb4 7. O-O
Ne4 8. Nh4 Nxd2 9. Bxd2 Bxd2 10. Nxf5 exf5 11. Qxd2 dxc4 12. Qc3 O-O 13. Qxc4
Nd7 14. e3 Nb6 15. Qc2 Re8 16. Qxf5 Rc8 17. Rac1 Nd7 18. Rc2 Re6 19. b4 Rf6 20.
Qd3 Ne5 21. Qe2 Ng6 22. Rfc1 Qe7 23. b5 Rc7 24. bxc6 bxc6 25. Bxc6 Qd8 26. Bg2
Re7 27. Rc8 1-0

[Event "Warren (MCO/4/24)"]
[Site "?"]
[Date "1986.??.??"]
[Round "?"]
[White "Golonka, Stan"]
[Black "Schwartz, R.."]
[Result "1-0"]
[WhiteElo "1800"]
[BlackElo "1655"]
[PlyCount "97"]
[EventDate "1986.??.??"]

{4/(24)} 1. c4 Nf6 2. Nc3 e6 3. g3 c6 4. Bg2 d5 5. b3 Nbd7 6. cxd5 exd5 7. d4
Be7 8. Nf3 O-O 9. O-O Re8 10. Qc2 Nf8 11. a3 Bg4 12. b4 Qc8 13. Re1 Bf5 14. Qb2
Bh3 15. Bh1 Bd6 16. Bd2 Qd7 17. Rac1 Re7 18. Bg5 Re6 19. Na4 Ne4 20. Nc5 Bxc5
21. bxc5 Nxg5 22. Nxg5 Rh6 23. f4 f6 24. Nxh3 Qxh3 25. e4 Qd7 26. exd5 cxd5 27.
Rb1 Rb8 28. Qb3 Rh5 29. Bf3 Rf5 30. Bg4 Kf7 31. Re2 Kg6 32. Qd3 h5 33. Qxf5+
Qxf5 34. Bxf5+ Kxf5 35. Rbe1 b5 36. Re8 Rxe8 37. Rxe8 Ne6 38. c6 a5 39. Re7 b4
40. axb4 axb4 41. c7 Nxc7 42. Rxc7 Ke4 43. Rb7 Kxd4 44. Rxb4+ Kc5 45. Rb7 Kd4
46. Rxg7 Ke3 47. Rf7 d4 48. Rxf6 d3 49. Rd6 1-0

[Event "Warren (MCO/6/26)"]
[Site "?"]
[Date "1986.??.??"]
[Round "?"]
[White "Golonka, Stan"]
[Black "Koscierzynski, J.."]
[Result "1-0"]
[WhiteElo "1800"]
[BlackElo "1605"]
[PlyCount "59"]
[EventDate "1986.??.??"]

{6/(26)} 1. c4 e5 2. Nc3 Nc6 3. g3 Nf6 4. Bg2 d6 5. Nf3 h6 6. O-O Be6 7. d3 Qd7
8. Re1 Bh3 9. Bh1 Be7 10. a3 g5 11. b4 g4 12. Nd2 h5 13. b5 Na5 14. Nb3 Nxb3
15. Qxb3 O-O-O 16. a4 h4 17. Be3 hxg3 18. fxg3 b6 19. a5 Nh5 20. Bc6 Qe6 21.
axb6 cxb6 22. Rxa7 d5 23. Bxb6 Bd6 24. Bxd8 Rxd8 25. Rea1 Bb8 26. R7a2 Kc7 27.
b6+ Kxc6 28. Qb5+ Kd6 29. cxd5 Qd7 30. Qb4# 1-0

[Event "Warren (MCO/2/6)"]
[Site "?"]
[Date "1986.??.??"]
[Round "?"]
[White "Golonka, Stan"]
[Black "Brooks, John"]
[Result "0-1"]
[WhiteElo "1800"]
[BlackElo "2175"]
[PlyCount "104"]
[EventDate "1986.??.??"]

{2/(6)} 1. c4 c5 2. Nc3 Nf6 3. Nf3 d5 4. cxd5 Nxd5 5. g3 Nb4 6. d3 N4c6 7. Bg2
g6 8. O-O Bg7 9. Be3 Nd4 10. Qd2 h6 11. Rac1 Na6 12. Nh4 Qd6 13. h3 Rb8 14.
Rfe1 e5 15. Nf3 b6 16. Ne4 Qe7 17. Nc3 Nc7 18. Kh2 Nf5 19. Qc2 O-O 20. Bd2 Bb7
21. e4 Nd4 22. Nxd4 cxd4 23. Ne2 Ne6 24. f4 Rfc8 25. Qd1 exf4 26. Nxf4 Qd6 27.
Nxe6 Qxe6 28. Bf4 Rxc1 29. Qxc1 Rc8 30. Qb1 g5 31. Bd2 Be5 32. Rg1 Qd6 33. Bf3
f5 34. a3 fxe4 35. dxe4 d3 36. Bb4 Qf6 37. Qxd3 a5 38. Be1 Rd8 39. Qb5 Bxb2 40.
Qb3+ Kh8 41. e5 Qxf3 42. Qxb2 Rd1 43. Qf2 Qxf2+ 44. Bxf2 Rd2 45. Rf1 Ba6 46.
Kg1 Bxf1 47. Kxf1 b5 48. Bb6 b4 49. axb4 axb4 50. e6 Kg7 51. Ke1 Rc2 52. Kd1
Rc4 0-1

[Event "Kalamazoo (WMUSO/5/5)"]
[Site "?"]
[Date "1986.??.??"]
[Round "?"]
[White "Giminez, R.."]
[Black "Smith, Les L"]
[Result "0-1"]
[WhiteElo "1820"]
[BlackElo "1870"]
[PlyCount "52"]
[EventDate "1986.??.??"]

{5/(5)} 1. f4 e5 2. fxe5 d6 3. Nf3 g5 4. g3 g4 5. exd6 gxf3 6. dxc7 f2+ 7. Kxf2
Qxc7 8. Bg2 Bg4 9. c3 Nc6 10. Qa4 Bd7 11. Qe4+ Be7 12. d4 f5 13. Bf4 Qb6 14.
Qc2 Nf6 15. Rd1 Ng4+ 16. Kg1 Rc8 17. Qd2 Nge5 18. Bxc6 Nxc6 19. e3 Na5 20. b3
h5 21. h4 Rg8 22. Kh2 Rc6 23. c4 Rcg6 24. d5 Rg4 25. d6 Bxh4 26. gxh4 Rxh4# 0-1

[Event "Kalamazoo (WMUSO/3/14)"]
[Site "?"]
[Date "1986.??.??"]
[Round "?"]
[White "Giminez, R.."]
[Black "Mihelich, John"]
[Result "1-0"]
[WhiteElo "1820"]
[BlackElo "1605"]
[PlyCount "89"]
[EventDate "1986.??.??"]

{3/(14)} 1. f4 Nf6 2. Nf3 d6 3. Nc3 Bf5 4. d3 Nc6 5. e4 Bg4 6. Be2 Bxf3 7. Bxf3
e5 8. O-O Be7 9. f5 Qd7 10. Be3 h5 11. d4 h4 12. h3 g6 13. d5 Na5 14. Bg5 Ng8
15. fxg6 Bxg5 16. Bg4 Qd8 17. gxf7+ Kf8 18. fxg8=Q+ Kxg8 19. Be6+ Kg7 20. Rf7+
Kh6 21. Qg4 Qe8 22. Raf1 Rg8 23. Qf5 Rg6 24. Rh7+ Kxh7 25. Bf7 Qxf7 26. Qxf7+
Rg7 27. Qf5+ Kh6 28. b3 Rag8 29. Nd1 c6 30. c4 Bf4 31. g4 hxg3 32. Rxf4 exf4
33. Qxf4+ Rg5 34. h4 Kh5 35. hxg5 Rxg5 36. Qxd6 Kh4 37. Ne3 cxd5 38. Qh6+ Rh5
39. Ng2+ Kg4 40. Qe6+ Kf3 41. Ne1+ Kf4 42. Qf6+ Kg4 43. exd5 Rh2 44. Qf3+ Kh4
45. Ng2+ 1-0

[Event "Taylor (SEMO/2/12)"]
[Site "?"]
[Date "1986.??.??"]
[Round "?"]
[White "Garth, K.."]
[Black "Schweikert, G.."]
[Result "1/2-1/2"]
[WhiteElo "1835"]
[BlackElo "1870"]
[PlyCount "56"]
[EventDate "1986.??.??"]

{2/(12)} 1. c4 e6 2. d4 d5 3. Nc3 c5 4. Nf3 Nc6 5. cxd5 exd5 6. dxc5 d4 7. Ne4
Bf5 8. Ng3 Bg6 9. e3 Bxc5 10. exd4 Bxd4 11. Nxd4 Qxd4 12. Qb3 Qb4+ 13. Bd2 Qxb3
14. axb3 Nd4 15. Ra4 Nc6 16. Bb5 Nge7 17. O-O O-O 18. b4 a6 19. Be2 Rad8 20.
Be3 Nd5 21. Bc5 Rfe8 22. b5 axb5 23. Bxb5 Ra8 24. Rd1 Nf6 25. Rxa8 Rxa8 26. f3
h6 27. Rd6 Ra5 28. Bxc6 Rxc5 1/2-1/2

[Event "Warren (MCO/3/59)"]
[Site "?"]
[Date "1986.??.??"]
[Round "?"]
[White "Galazyn, R.."]
[Black "Towsley, J.."]
[Result "0-1"]
[WhiteElo "1605"]
[BlackElo "1605"]
[PlyCount "76"]
[EventDate "1986.??.??"]

{3/(59)} 1. e4 c6 2. Nf3 d5 3. e5 Bf5 4. d4 e6 5. Nbd2 c5 6. c3 Nc6 7. Bb5 Rc8
8. O-O a6 9. Ba4 b5 10. Bc2 Bxc2 11. Qxc2 cxd4 12. c4 Nb4 13. Qd1 dxc4 14. Ne4
d3 15. Bg5 Qd5 16. Nc3 Qd7 17. a3 Nc2 18. Rc1 Nd4 19. Nd2 Ne7 20. Nde4 Nd5 21.
Kh1 Nxc3 22. Nxc3 Nb3 23. Ne4 Qd5 24. Re1 Nxc1 25. Qxc1 Be7 26. Bxe7 Kxe7 27.
Qg5+ Kf8 28. Nd6 Ra8 29. Qf4 Ra7 30. Rd1 h5 31. Qe3 Rd7 32. Qb6 g6 33. Qxa6 Kg7
34. Nxb5 Qxe5 35. Qc6 d2 36. Qxc4 Qe1+ 37. Qf1 Qxf1+ 38. Rxf1 d1=Q 0-1

[Event "Warren (MCO/1/32)"]
[Site "?"]
[Date "1986.??.??"]
[Round "?"]
[White "Galazyn, R.."]
[Black "Stefanski, Mark"]
[Result "0-1"]
[WhiteElo "1605"]
[BlackElo "1920"]
[PlyCount "84"]
[EventDate "1986.??.??"]

{1/(32)} 1. e4 e6 2. d4 d5 3. e5 c5 4. c3 Nc6 5. Bb5 Qb6 6. Na3 cxd4 7. cxd4
Bxa3 8. Bxc6+ Qxc6 9. bxa3 Qc3+ 10. Bd2 Qxd4 11. Nf3 Qe4+ 12. Be3 Ne7 13. O-O
O-O 14. Bc5 Re8 15. Re1 Qg6 16. Qa4 Nc6 17. Nd4 Bd7 18. Rab1 Nxe5 19. Qb3 Nd3
20. Qxb7 Nxc5 21. Qc7 Rec8 22. Qd6 Qf6 23. Nb3 Nxb3 24. axb3 Rc2 25. f3 Qd4+
26. Kh1 Qf2 27. Rg1 Bb5 28. a4 Be2 29. Qf4 Rac8 30. Rbc1 h6 31. Rxc2 Rxc2 32.
b4 Bc4 33. a5 Bf1 34. Qg4 Re2 35. h4 Re1 36. Kh2 d4 37. h5 d3 38. Qf4 d2 39. b5
d1=Q 40. b6 axb6 41. Qb8+ Kh7 42. Rxf1 Qh4+ 0-1

[Event "Warren (MCO/5/55)"]
[Site "?"]
[Date "1986.??.??"]
[Round "?"]
[White "Galazyn, R.."]
[Black "Kelly, M.."]
[Result "1/2-1/2"]
[WhiteElo "1605"]
[BlackElo "1605"]
[PlyCount "111"]
[EventDate "1986.??.??"]

{5/(55)} 1. e4 e5 2. Nf3 Nc6 3. Bb5 a6 4. Ba4 Nf6 5. d3 Bc5 6. Bxc6 dxc6 7. Bg5
h6 8. Bh4 Bg4 9. h3 Bxf3 10. Qxf3 Qd6 11. Nd2 b5 12. O-O O-O-O 13. a3 g5 14.
Bg3 h5 15. Qf5+ Qe6 16. Bxe5 Qxf5 17. exf5 Be7 18. Ne4 Rh6 19. Nxg5 Rf8 20.
Rfe1 h4 21. Bxc7 Nd5 22. Bf4 Bxg5 23. Bxg5 Rh5 24. c4 Rxg5 25. cxd5 Rxf5 26.
dxc6 Rd5 27. Re4 Rxd3 28. Rxh4 Kc7 29. Rc1 Rd6 30. Re4 Rxc6 31. Rxc6+ Kxc6 32.
b4 Kd5 33. Re7 f5 34. f3 Kc4 35. Re6 Ra8 36. Rf6 a5 37. Rxf5 axb4 38. axb4 Kxb4
39. h4 Kc4 40. Rf4+ Kc3 41. g4 b4 42. Kf2 b3 43. Re4 Ra2+ 44. Kg3 b2 45. Re1
Ra1 46. Re3+ Kd4 47. Rb3 b1=Q 48. Rxb1 Rxb1 49. Kf4 Kd5 50. h5 Ke6 51. Kg5 Kf7
52. f4 Kg7 53. h6+ Kh7 54. f5 Rb5 55. Kh5 Re5 56. Kg5 1/2-1/2

[Event "Warren (MCO/5/56)"]
[Site "?"]
[Date "1986.??.??"]
[Round "?"]
[White "Galazyn, R.."]
[Black "Feldman, J.."]
[Result "0-1"]
[WhiteElo "1605"]
[BlackElo "1605"]
[PlyCount "42"]
[EventDate "1986.??.??"]

{5/(56)} 1. d4 Nf6 2. e3 d5 3. c4 e6 4. cxd5 exd5 5. Nf3 c5 6. Nc3 Nc6 7. dxc5
Bxc5 8. Nd4 Nxd4 9. exd4 Be7 10. Bd3 Qa5 11. O-O O-O 12. Bf4 Qb4 13. Qe2 Qxd4
14. Qxe7 Qxd3 15. Rfe1 Be6 16. Qxb7 d4 17. Ne2 Bd5 18. Qb4 Qg6 19. g3 Qe4 20.
f3 Qxf3 21. Qxd4 Qg2# 0-1

[Event "Monroe (RVO/4/11)"]
[Site "?"]
[Date "1986.??.??"]
[Round "?"]
[White "Gabriel, R.."]
[Black "Mazuchowski, Tom"]
[Result "0-1"]
[WhiteElo "1785"]
[BlackElo "2140"]
[PlyCount "104"]
[EventDate "1986.??.??"]

{4/(11)} 1. d4 Nf6 2. Nf3 g6 3. Bf4 Bg7 4. Nbd2 d5 5. e3 O-O 6. Bd3 c5 7. c3
Qb6 8. Qc2 c4 9. Be2 Bf5 10. Qc1 Nbd7 11. h3 Rfc8 12. O-O h6 13. Re1 g5 14. Bh2
Qe6 15. Ne5 Nxe5 16. dxe5 Nd7 17. f4 Qb6 18. Nf3 gxf4 19. Nd4 Be4 20. exf4 Qg6
21. Nf3 Nc5 22. Nh4 Qb6 23. Kh1 Nd3 24. Bxd3 cxd3 25. Qd2 e6 26. Bg1 Qc6 27.
Bd4 b5 28. a3 a5 29. b4 Bf8 30. Nf3 Kh7 31. Nh2 Be7 32. Ng4 Rg8 33. Ne3 Rg3 34.
Kh2 Rag8 35. Rg1 R3g6 36. Raf1 h5 37. g3 Qa8 38. h4 Qd8 39. f5 Rxg3 40. Rxg3
Rxg3 41. Kxg3 Bxh4+ 42. Kh2 Qg5 43. Rg1 Qf4+ 44. Kh3 Bf2 45. Ng4 hxg4+ 46. Rxg4
Qxd2 47. Bxf2 Bxf5 48. bxa5 Qxf2 49. a6 Qf3+ 50. Kh2 Bxg4 51. a7 Qf2+ 52. Kh1
Bf3# 0-1

[Event "Monroe (RVO/2/15)"]
[Site "?"]
[Date "1986.??.??"]
[Round "?"]
[White "Gabriel, R.."]
[Black "Everett, Morgan"]
[Result "1-0"]
[WhiteElo "1785"]
[BlackElo "2010"]
[PlyCount "57"]
[EventDate "1986.??.??"]

{2/(15)} 1. d4 Nf6 2. Nf3 e6 3. e3 b6 4. Bd3 Bb7 5. Nbd2 c5 6. c3 cxd4 7. exd4
Be7 8. O-O O-O 9. Qc2 d6 10. Re1 Nbd7 11. Ng5 h6 12. Nh3 Re8 13. Nf1 Bf8 14.
Re3 Nd5 15. Rg3 Qh4 16. Ne3 f5 17. Nxd5 Bxd5 18. Nf4 Nf6 19. Rh3 Qg4 20. Be2
Be4 21. Qd1 Qg5 22. Rg3 e5 23. Rxg5 exf4 24. Rg6 Kh7 25. Rxf6 gxf6 26. Bxf4 Re6
27. Bh5 Bd5 28. b3 b5 29. Bf7 1-0

[Event "Taylor (SEMO/4/13)"]
[Site "?"]
[Date "1986.??.??"]
[Round "?"]
[White "Gaba, H.."]
[Black "Schweikert, G.."]
[Result "0-1"]
[WhiteElo "1805"]
[BlackElo "1870"]
[PlyCount "120"]
[EventDate "1986.??.??"]

{4/(13)} 1. Nc3 e6 2. d4 d5 3. Nf3 Be7 4. e3 Nf6 5. h3 Nbd7 6. a3 a5 7. Bd3 c6
8. O-O O-O 9. Ne2 Qc7 10. Ng3 e5 11. dxe5 Nxe5 12. Bd2 Bd6 13. Be1 Re8 14. Qd2
Nxf3+ 15. gxf3 Bxh3 16. c3 Qe7 17. Nf5 Qe6 18. Nxd6 Qxd6 19. Kh1 Bxf1 20. Bxf1
Re5 21. f4 Rh5+ 22. Kg1 Re8 23. Bg2 g5 24. f3 g4 25. Bg3 Qe6 26. Re1 gxf3 27.
Bxf3 Qh3 28. Qg2 Qxg2+ 29. Kxg2 Rh6 30. f5 Ne4 31. Bf4 Rf6 32. Bg4 h6 33. Rh1
Kg7 34. Kf3 Nd6 35. Rg1 Kh7 36. Rh1 Nxf5 37. Bg5 Nd4+ 38. Kg2 Rg6 39. cxd4 Rxg5
40. Kf3 Re4 41. Bc8 Re7 42. Kf4 Rg2 43. Bf5+ Kg7 44. Rf1 Re8 45. b3 Rb2 46. b4
axb4 47. axb4 Rb3 48. Rf3 Rxb4 49. Rg3+ Kf6 50. Rh3 Rh8 51. Bc2 Rc4 52. Bb3 Rc3
53. Bd1 b5 54. Rf3 Rg8 55. Rh3 Rh8 56. Rf3 h5 57. Rh3 h4 58. Bg4 b4 59. Rh1 b3
60. Bh3 b2 0-1

[Event "Taylor (SEMO/3/9)"]
[Site "?"]
[Date "1986.??.??"]
[Round "?"]
[White "Gaba, H.."]
[Black "Mitchell, S.."]
[Result "0-1"]
[WhiteElo "1805"]
[BlackElo "2080"]
[PlyCount "136"]
[EventDate "1986.??.??"]

{3/(9)} 1. e4 e6 2. d4 a6 3. Nf3 b5 4. Bd3 Bb7 5. Be3 Nf6 6. Nbd2 Ng4 7. Qe2
Nxe3 8. Qxe3 Be7 9. h3 Qc8 10. O-O c5 11. c3 d6 12. Rfe1 Nd7 13. d5 e5 14. c4
b4 15. b3 Qd8 16. Kh2 Bc8 17. Rh1 Nb6 18. Bc2 Bd7 19. g3 g6 20. Kg2 a5 21. Nf1
Bf8 22. N1d2 Bg7 23. Rae1 Qe7 24. Rd1 Kd8 25. Rdg1 Kc7 26. Rf1 h6 27. Nh4 Raf8
28. Qe2 Rhg8 29. Qe3 Nc8 30. Qe1 Qe8 31. a3 Ne7 32. axb4 axb4 33. Qe2 f5 34.
Ra1 Qb8 35. Ra2 Qb7 36. Rha1 Ra8 37. Rxa8 Rxa8 38. Rxa8 Qxa8 39. f3 Bf6 40. Kh2
Bxh4 41. gxh4 Qa2 42. Nf1 Qb2 43. Kg2 Ng8 44. Bd1 Qa1 45. Nd2 Nf6 46. Bc2 Nh5
47. Qd1 Nf4+ 48. Kh2 Qc3 49. Nf1 fxe4 50. Bxe4 Bxh3 51. Ng3 Qe3 52. Qc2 Bd7 53.
Nf1 Qe1 54. Ng3 Kd8 55. Qa2 Ke7 56. Qc2 Kf7 57. h5 gxh5 58. Bf5 h4 59. Be6+
Bxe6 60. dxe6+ Ke8 61. Nf5 Nxe6 62. Qa2 Nd4 63. Qa4+ Kf8 64. Qa8+ Kf7 65. Nxd6+
Ke7 66. Nc8+ Kf6 67. Nb6 Qf2+ 68. Kh1 Qf1+ 0-1

[Event "Warren (MCO/5/14)"]
[Site "?"]
[Date "1986.??.??"]
[Round "?"]
[White "Gaba, H.."]
[Black "Levine, H.."]
[Result "1/2-1/2"]
[WhiteElo "1800"]
[BlackElo "2065"]
[PlyCount "138"]
[EventDate "1986.??.??"]

{5/(14)} 1. g3 Nf6 2. Bg2 c5 3. b3 d5 4. Bb2 Nc6 5. Nf3 d4 6. d3 g6 7. c3 e5 8.
cxd4 exd4 9. Nbd2 Bg7 10. O-O O-O 11. Rc1 Qe7 12. Re1 Nd5 13. e4 Ndb4 14. Nc4
Nxa2 15. Ra1 Nc3 16. Bxc3 dxc3 17. Rc1 b5 18. Ne3 Bb7 19. Nd5 Qd7 20. Nxc3 Nd4
21. Nd5 Bxd5 22. exd5 Qd6 23. Nd2 f5 24. Nf3 Rae8 25. Nxd4 Bxd4 26. Rc2 f4 27.
Rxe8 Rxe8 28. Re2 Rxe2 29. Qxe2 fxg3 30. hxg3 Qxg3 31. Qe6+ Kg7 32. Qe7+ Kh6
33. Qf8+ Kh5 34. d6 Qxd3 35. Qf4 g5 36. Bf3+ Kh6 37. Qf8+ Bg7 38. Qf7 Qg6 39.
Qd5 Bf6 40. d7 g4 41. Be4 Qg5 42. Qd6 Kg7 43. Qc7 Bd8 44. Qc6 g3 45. Qxb5 gxf2+
46. Kxf2 Qf4+ 47. Bf3 Qh2+ 48. Ke1 Qg1+ 49. Ke2 Qh2+ 50. Kd3 Qd6+ 51. Ke2 Bg5
52. d8=Q Bxd8 53. Qb7+ Qe7+ 54. Qxe7+ Bxe7 55. Kd3 Kf6 56. Kc4 Ke5 57. Kd3 Kf4
58. Ke2 Bf6 59. Kf2 Kg5 60. Kg2 h5 61. Bd5 h4 62. Kh3 Kf4 63. Bc4 Ke3 64. Kh2
Kd4 65. Be6 Kc3 66. Kg2 a5 67. Kh3 Kb4 68. Kg2 a4 69. bxa4 Kxa4 1/2-1/2

[Event "Warren (MCO/1/41)"]
[Site "?"]
[Date "1986.??.??"]
[Round "?"]
[White "Gaba, H.."]
[Black "Kelly, M.."]
[Result "1-0"]
[WhiteElo "1800"]
[BlackElo "1605"]
[PlyCount "75"]
[EventDate "1986.??.??"]

{1/(41)} 1. d4 d5 2. Nf3 Nc6 3. a3 Nf6 4. Nc3 Bf5 5. e3 e6 6. Bd3 Bxd3 7. Qxd3
Bd6 8. Nb5 O-O 9. h3 Re8 10. Nc3 g6 11. Bd2 e5 12. dxe5 Bxe5 13. O-O-O d4 14.
exd4 Nxd4 15. Nxe5 Rxe5 16. Bf4 Re7 17. Qxd4 Rd7 18. Qe3 Nd5 19. Nxd5 Rxd5 20.
Rxd5 Qxd5 21. f3 c6 22. Re1 Qd7 23. Bh6 b6 24. Qe5 f5 25. Qf6 Qf7 26. Qxc6 Rd8
27. Qe6 Qxe6 28. Rxe6 Kf7 29. Re2 Kf6 30. Bd2 h5 31. c4 a5 32. Kc2 Rc8 33. Bc3+
Kg5 34. b3 Ra8 35. g3 h4 36. Bd2+ Kh5 37. g4+ fxg4 38. fxg4# 1-0

[Event "Warren (MCO/3/30)"]
[Site "?"]
[Date "1986.??.??"]
[Round "?"]
[White "Gaba, H.."]
[Black "Jones, L.."]
[Result "1-0"]
[WhiteElo "1800"]
[BlackElo "1605"]
[PlyCount "120"]
[EventDate "1986.??.??"]

{3/(30)} 1. Nf3 e6 2. g3 d5 3. d4 Bb4+ 4. c3 Be7 5. Bg2 Nc6 6. O-O Bd6 7. Nbd2
Nf6 8. Re1 O-O 9. e4 dxe4 10. Nxe4 Nxe4 11. Rxe4 Bd7 12. Re1 Ne7 13. Ne5 c6 14.
Nxd7 Qxd7 15. Bd2 Rfe8 16. Qc2 Qc7 17. c4 Ng6 18. c5 Bf8 19. Re2 e5 20. Rae1
Rad8 21. Be4 Kh8 22. Bxg6 fxg6 23. dxe5 Rd5 24. Bc3 Bxc5 25. b4 Bf8 26. a3 a6
27. Qb2 Qe7 28. e6 b5 29. Qc2 Rd6 30. Be5 Rxe6 31. Bxg7+ Bxg7 32. Rxe6 Qxe6 33.
Rxe6 Rxe6 34. Qd3 Kg8 35. Qd7 Rf6 36. Qc8+ Bf8 37. Qxa6 Rd6 38. Qc8 Kg7 39. Qe8
Kg8 40. Kg2 Kg7 41. h4 Rf6 42. h5 gxh5 43. Qxh5 Rd6 44. Qg4+ Kh8 45. Qf4 Kg8
46. g4 Rg6 47. f3 Rd6 48. Qg5+ Kh8 49. Qe3 Kg8 50. f4 Rg6 51. Kf3 h6 52. Qe8
Rf6 53. Ke4 Rd6 54. Qe5 Rf6 55. Qxf6 h5 56. gxh5 c5 57. bxc5 Bxc5 58. Qd8+ Bf8
59. Kd5 Kg7 60. Qxf8+ Kxf8 1-0

[Event "Monroe (RVO/1/14)"]
[Site "?"]
[Date "1986.??.??"]
[Round "?"]
[White "Freese, M.."]
[Black "Kulbacki, James"]
[Result "0-1"]
[WhiteElo "1815"]
[BlackElo "2100"]
[PlyCount "82"]
[EventDate "1986.??.??"]

{1/(14)} 1. d4 e6 2. c4 Nf6 3. Nf3 b6 4. g3 Bb7 5. Bg2 Be7 6. Nc3 Ne4 7. Qc2
Nxc3 8. Qxc3 O-O 9. O-O f5 10. Bf4 d6 11. Rfd1 Bf6 12. Ng5 Bxg2 13. Nxe6 Qe7
14. Nxf8 Bb7 15. Nxh7 Kxh7 16. Qd3 g6 17. f3 Nd7 18. h4 Kg7 19. Kf2 Nf8 20. Rh1
Ne6 21. d5 Nxf4 22. gxf4 Rh8 23. Rag1 Rxh4 24. Rxh4 Bxh4+ 25. Kf1 Bc8 26. e4
fxe4 27. fxe4 Qf6 28. Qd2 Bh3+ 29. Ke2 Qe7 30. Kd3 Bf6 31. Qh2 Bc8 32. f5 g5
33. Rh1 Kg8 34. Qh5 Bd7 35. Qg4 Be8 36. b4 Qe5 37. Qh3 Qc3+ 38. Ke2 Qxc4+ 39.
Kd1 Ba4+ 40. Ke1 Qxe4+ 41. Kf2 Bd4+ $138 0-1

[Event "Monroe (RVO/5/11)"]
[Site "?"]
[Date "1986.??.??"]
[Round "?"]
[White "Freese, M.."]
[Black "Feldstein, R.."]
[Result "1/2-1/2"]
[WhiteElo "1815"]
[BlackElo "2025"]
[PlyCount "162"]
[EventDate "1986.??.??"]

{5/(11)} 1. d4 c5 2. dxc5 Na6 3. e4 Nxc5 4. Nc3 d6 5. Nf3 Bg4 6. Bb5+ Bd7 7.
Bxd7+ Qxd7 8. O-O Nf6 9. e5 dxe5 10. Nxe5 Qf5 11. Qe2 a6 12. Re1 g6 13. Nc4
O-O-O 14. Qe5 Ncd7 15. Qxf5 gxf5 16. Bf4 Rg8 17. Rad1 Rg4 18. g3 b5 19. Ne5
Nxe5 20. Rxd8+ Kxd8 21. Rxe5 e6 22. h3 Rg8 23. Re2 b4 24. Rd2+ Kc8 25. Na4 Nd5
26. Be5 f6 27. Bd4 Bh6 28. Re2 Nf4 29. Re1 e5 30. Bc5 Nxh3+ 31. Kh2 Ng5 32.
Nb6+ Kb7 33. Rd1 Kc6 34. Na4 Ne4 35. Bxb4 Nxf2 36. Rd6+ Kc7 37. Rxa6 Be3 38.
Bc5 f4 39. Bxe3 Ng4+ 40. Kh1 fxe3 41. Nc3 Nf2+ 42. Kg2 Nd1 43. Rxf6 Nxc3 44.
bxc3 e2 45. Kf2 Rxg3 46. Kxe2 Rxc3 47. Kd2 Ra3 48. Rf7+ Kd6 49. Rxh7 Rxa2 50.
Rh8 Kd5 51. Rh5 Kd4 52. Rh8 Ra3 53. Rd8+ Ke4 54. c4 Rh3 55. c5 Ra3 56. c6 Ra7
57. Rd7 Ra6 58. c7 Rc6 59. Re7 Kd5 60. Kd3 Kd6 61. Rg7 Rxc7 62. Rxc7 Kxc7 63.
Ke4 Kd6 64. Ke3 Ke7 65. Ke4 Kf6 66. Ke3 Kf5 67. Kf3 e4+ 68. Ke2 Kf4 69. Kf2 Kg4
70. Ke3 Kf5 71. Ke2 Kf4 72. Kf2 e3+ 73. Ke1 Kg3 74. Ke2 Kf4 75. Ke1 Ke4 76. Ke2
Kd4 77. Ke1 Kc3 78. Ke2 Kd4 79. Ke1 Kd3 80. Kd1 e2+ 81. Ke1 Ke3 1/2-1/2

[Event "Monroe (RVO/3/18)"]
[Site "?"]
[Date "1986.??.??"]
[Round "?"]
[White "Freese, M.."]
[Black "Dautremont, J.."]
[Result "1-0"]
[WhiteElo "1815"]
[BlackElo "1605"]
[PlyCount "67"]
[EventDate "1986.??.??"]

{3/(18)} 1. d4 e6 2. c4 c5 3. Nf3 cxd4 4. Nxd4 Qb6 5. Nc3 Bb4 6. Qd3 Na6 7. e4
Ne7 8. Be2 Nc5 9. Qe3 Bxc3+ 10. bxc3 Qd8 11. Nb5 d6 12. O-O a6 13. Nd4 O-O 14.
Nf3 b6 15. Ba3 Qc7 16. Rfd1 d5 17. cxd5 exd5 18. exd5 Ng6 19. Rd2 Bd7 20. Rad1
Rfe8 21. Qd4 Ne4 22. Rd3 Nf4 23. Re3 Nxe2+ 24. Rxe2 Nd6 25. Bxd6 Qxd6 26. Rde1
Rxe2 27. Rxe2 Rc8 28. h3 Qg6 29. Re7 Bxh3 30. g3 Qf5 31. Qe3 h6 32. d6 Qb5 33.
Qe1 Qd5 34. d7 1-0

[Event "Warren (MCO/3/47)"]
[Site "?"]
[Date "1986.??.??"]
[Round "?"]
[White "Frantom, M.."]
[Black "Thomas, Jeff"]
[Result "0-1"]
[WhiteElo "1605"]
[BlackElo "1605"]
[PlyCount "60"]
[EventDate "1986.??.??"]

{3/(47)} 1. d4 d5 2. c4 dxc4 3. Qa4+ Qd7 4. Qxc4 Qc6 5. Qxc6+ Nxc6 6. Nf3 Nb4
7. Kd1 Bf5 8. Nc3 Nf6 9. Bg5 O-O-O 10. e3 Ne4 11. Nxe4 Bxe4 12. Ne5 Bd5 13. Nc4
f6 14. Bf4 e5 15. Bxe5 fxe5 16. Nxe5 Bd6 17. Nc4 Rhf8 18. f3 Be7 19. e4 Bxc4
20. Bxc4 Rxd4+ 21. Ke2 Rxc4 22. Rhd1 Rc2+ 23. Rd2 Rxd2+ 24. Kxd2 Rd8+ 25. Ke2
Bg5 26. a3 Rd2+ 27. Kf1 Nd3 28. b4 Be3 29. g4 Rf2+ 30. Kg1 Ra2+ 0-1

[Event "Warren (MCO/5/46)"]
[Site "?"]
[Date "1986.??.??"]
[Round "?"]
[White "Frantom, M.."]
[Black "Schell, Ken"]
[Result "0-1"]
[WhiteElo "1605"]
[BlackElo "1680"]
[PlyCount "98"]
[EventDate "1986.??.??"]

{5/(46)} 1. d4 d5 2. c4 e6 3. Nc3 Nf6 4. Nf3 Bb4 5. Bd2 dxc4 6. e3 Bxc3 7. Bxc3
b5 8. b3 cxb3 9. Bxb5+ c6 10. Ba4 b2 11. Bxb2 Qa5+ 12. Nd2 Ne4 13. Bc1 Nc3 14.
Nc4 Qxa4 15. Qxa4 Nxa4 16. Nd6+ Kd7 17. Nxc8 Rxc8 18. O-O Ke8 19. Ba3 Nd7 20.
Bd6 Nf6 21. Rab1 Ne4 22. Ba3 Nd2 23. Rb7 Nxf1 24. Kxf1 c5 25. dxc5 Nxc5 26. Rb5
Ne4 27. Rb7 Nc5 28. Rb5 Nd7 29. Bd6 Rc2 30. a3 Ra2 31. Rb7 Rc8 32. g3 Rd2 33.
Bb4 Rb2 34. Rxa7 Nc5 35. Kg2 Rc2 36. a4 Rc4 37. Bxc5 R8xc5 38. Kf3 Rf5+ 39. Kg2
Rc2 40. e4 Rfxf2+ 41. Kh3 Rxh2+ 42. Kg4 h5+ 43. Kf3 Rc3+ 44. Kf4 Rf2+ 45. Ke5
Rd2 46. a5 Rd7 47. Ra8+ Ke7 48. a6 f6+ 49. Kf4 g5# 0-1

[Event "Warren (MCO/1/54)"]
[Site "?"]
[Date "1986.??.??"]
[Round "?"]
[White "Frantom, M.."]
[Black "DeJongh, John"]
[Result "0-1"]
[WhiteElo "1605"]
[BlackElo "1730"]
[PlyCount "56"]
[EventDate "1986.??.??"]

{1/(54)} 1. d4 d5 2. c4 e6 3. Nf3 Nf6 4. e3 Be7 5. c5 O-O 6. Nc3 b6 7. cxb6
axb6 8. Ne5 Bb7 9. Bb5 c6 10. Bd3 Nbd7 11. Nxd7 Nxd7 12. O-O Nf6 13. Re1 c5 14.
dxc5 Bxc5 15. Qf3 e5 16. e4 d4 17. Nb5 Qd7 18. Bg5 Be7 19. Qg3 Nxe4 20. Bxe4
Bxe4 21. Bh6 Bg6 22. Rxe5 gxh6 23. a3 Bf6 24. Rh5 d3 25. Nc3 d2 26. Rd5 Rae8
27. Qe3 Rxe3 28. fxe3 Qe6 0-1